1410 1515 1522 1107 1996 1584 1429 1273 1886 1930 1473 1931 1039 1393 1671 1710 1892 1563 1908 1494 1977 1475 1313 1514 1339 1439 1727 1124 1206 1044 1707 1959 1980 1013 1191 1790 1587 1574 1013 1098 1532 1166 1907 1024 1809 1991 1824 1115 1471 1690 1637 1831 1745 1123 1492 1112 1760 1282 1569 1780 1375 1893 1720 1001 1136 1854 1170 1997 1088 1675 1341 1605 1065 1768 1193 1011 1317 1767 1913 1227 1459 1822 1764 1545 1938 1434 1006 1380 1926 1706 1695 1687 1622 1047 1221 1583 1354 1309 1222 BCNSPRNW ULIB Ver.6.0+V

เปลี่ยนเป็นภาษาไทย

Change to English
 แสดงรายละเอียดบรรณานุกรม
  กลับหน้าหลัก

Brief Record : Get Marc (ISO 2709) : E-mail record : QR code < ปิดหน้าต่าง
LEADER : 00000nam 2200000uu 4500
001    13399114016
003     ULIB
008    120125s2542||||th 000 0 tha d
020    ^a97466281904
060 04 ^aWA308^bศ448ห 2542
100 0  ^aศิริกุล อิศรานุรักษ์
245 10 ^aหลักการวางแผนงานอนามัยครอบครัว :^bคู่มือนักสาธารณสุข =^nAn introduction to family health planning : a health./^cศิริกุล อิศรานุรักษ์
246 31 ^aAn introduction to family health planning : a health
260    ^aกรุงเทพฯ :^bเจริญดีการพิมพ์,^c2542
300    ^a239 หน้า ;^c21 ซม.
650  4 ^aอนามัยครอบครัว
945    ^p0^l0^i9723
995    ^aกัณชพร
999 ^a ใช้งานได้ทุกระบบ
รายการนี้ยังไม่มีแท็ก
คุณยังไม่ได้ล็อกอิน คุณสามารถมีกิจกรรมร่วมกับเว็บไซต์ได้ แต่ต้องล็อกอินก่อน ::
  ล็อกอิน

รายการสื่อสารสนเทศ

ลำดับที่ ประเภท เลขเรียก/บาร์โค้ด สถานที่ สถานะ
- ไม่พบข้อมูล -

รายการใกล้เคียง
    ผู้แต่ง [ศิริกุล อิศรานุรักษ์]

    หัวเรื่อง [อนามัยครอบครัว]

BibComment


ยังไม่เคยถูกคอมเมนท์

คอมเมนท์ทรัพยากรรายการนี้
  คอมเมนท์: หลักการวางแผนงาน..


 Copyright 2026. Bcnsprnw @Library